Contemporary Afro-American literature: (Record no. 11548)

MARC details
000 -LEADER
fixed length control field 00727 a2200205 4500
010 ## - LIBRARY OF CONGRESS CONTROL NUMBER
LC control number ENG-89871
020 ## - INTERNATIONAL STANDARD BOOK NUMBER
International Standard Book Number 8188134643
Terms of availability 395.00
035 ## - SYSTEM CONTROL NUMBER
System control number EN-73404
037 ## - SOURCE OF ACQUISITION
Source of stock number/acquisition DBAD / PUB
082 14 - DEWEY DECIMAL CLASSIFICATION NUMBER
Classification number 899.608
090 ## - LOCALLY ASSIGNED LC-TYPE CALL NUMBER (OCLC); LOCAL CALL NUMBER (OCLC)
-- 11902
-- 11902
100 1# - MAIN ENTRY--PERSONAL NAME
Personal name Sinha, Mani
245 1# - TITLE STATEMENT
Title Contemporary Afro-American literature:
Statement of responsibility, etc by Mani Sinha
Remainder of title a study of man and society/
260 ## - PUBLICATION, DISTRIBUTION, ETC. (IMPRINT)
Place of publication, distribution, etc New Delhi
Name of publisher, distributor, etc Satyam Publishing House
Date of publication, distribution, etc 2007
270 ## - ADDRESS
Address N-3/25, Mohan Garden, Uttam Nagar,
City New Delhi
Postal code 110059
Telephone number 25358642
300 ## - PHYSICAL DESCRIPTION
Extent v, 154p.
Dimensions 22 cm. (Hb)
500 ## - GENERAL NOTE
General note Includes bibliographical references
942 ## - ADDED ENTRY ELEMENTS (KOHA)
Institution code [OBSOLETE] dpl
Koha item type English Books
Call number prefix 899.608 / SIN
Holdings
Withdrawn status Lost status Source of classification or shelving scheme Damaged status Not for loan Collection code Home library Current library Source of acquisition Cost, normal purchase price Total Checkouts Full call number Barcode Date last seen Copy number Uniform Resource Identifier Cost, replacement price Price effective from Koha item type
    Dewey Decimal Classification   Not For Loan Non-fiction D.B.Act.Division D.B.Act.Division DBAD/PUB 395.00   899.608 EN-73404 15/09/2008 1 12663 395.00 15/09/2008 English Books

© Delhi Public Library
Hit Counter
free hit counter